От всего сердца. Подарки В. И. Ленину; With All One`s Heart. Gifts to V. I. Lenin; De tout coeur. Cadeaux a V. I. Lenine; De todo corazon. Regalos a V. I. Lenin; Vom ganzen Herzen. Geschenke fur W. I. Lenin: [альбом]; Кабинет В. И. Ленина. Библиотека В. И. Ленина. Квартира В. И. Ленина

Dades bibliogràfiques
Altres autors: Харитонова Е. Н. Екатерина Николаевна (составитель)
Sumari:В футляре
Резюме на англ., нем., франц. и исп. яз.
Idioma:rus
Publicat: Москва, Изобразительное искусство, 1985
TOC:Кабинет В. И. Ленина. Библиотека В. И. Ленина. Квартира В. И. Ленина;
Matèries:
Format: MixedMaterials Llibre
KOHA link:https://koha.lib.tpu.ru/cgi-bin/koha/opac-detail.pl?biblionumber=108277

MARC

LEADER 00000nam0a2200000 4500
001 108277
005 20260425071716.0
035 |a (RuTPU)RU\TPU\book\116884 
090 |a 108277 
100 |a 20070118d1985 m y0rusy50 ca 
101 0 |a rus 
102 |a RU 
105 |a ach z 001zb 
200 1 |a От всего сердца. Подарки В. И. Ленину  |a With All One`s Heart. Gifts to V. I. Lenin  |a De tout coeur. Cadeaux a V. I. Lenine  |a De todo corazon. Regalos a V. I. Lenin  |a Vom ganzen Herzen. Geschenke fur W. I. Lenin  |e [альбом]  |f автор-сост. Е. Н. Харитонова 
210 |a Москва  |c Изобразительное искусство  |d 1985 
215 |a 223 с.  |c ил.  |d 24,5 см. 
300 |a В футляре 
300 |a Резюме на англ., нем., франц. и исп. яз. 
320 |a Примечания: с. 172-174. 
464 |t Кабинет В. И. Ленина. Библиотека В. И. Ленина. Квартира В. И. Ленина 
600 1 |2 stltpush  |3 (RuTPU)RU\TPU\pers\1074  |a Ленин  |b В. И.  |c настоящая фамилия Ульянов  |c российский политический деятель  |f 1870-1924  |g Владимир Ильич  |9 486 
606 |7 ca  |8 rus  |a Ленин В. И.  |x Жизнь и деятельность  |9 89215 
610 1 |a лениниана 
610 1 |a альбомы 
610 1 |a история 
610 1 |a 20 век 
610 1 |a Россия 
686 |a Т3(2)6-8Ленин35  |2 rubbk 
702 1 |a Харитонова  |b Е. Н.  |g Екатерина Николаевна  |4 220 
801 1 |a RU  |b 63413507  |c 20070118  |g PSBO 
801 2 |a RU  |b 63413507  |c 20070511  |g PSBO 
942 |c BK